00192nam a2200085Ia 4500008004100000100001800041245001700059260002100076260000900097170620s9999 xx 000 0 und d aKapoor - S.K. 0aLaw of Torts bCentral Law Pub. c1999